Diccionario de la construcción (Registro nro. 2851)
[ vista simple ]
| 000 -LEADER | |
|---|---|
| fixed length control field | 00592nam a2200205Ia 4500 |
| 005 - DATE AND TIME OF LATEST TRANSACTION | |
| control field | 20251020182555.0 |
| 008 - FIXED-LENGTH DATA ELEMENTS--GENERAL INFORMATION | |
| fixed length control field | 200515s9999 xx 000 0 und d |
| 082 ## - DEWEY DECIMAL CLASSIFICATION NUMBER | |
| Classification number | R/69(03.8)/E24 |
| 110 ## - MAIN ENTRY--CORPORATE NAME | |
| Corporate name or jurisdiction name as entry element | Grupo Editorial Océano S. A. |
| 245 #0 - TITLE STATEMENT | |
| Title | Diccionario de la construcción |
| 250 ## - EDITION STATEMENT | |
| Edition statement | 9a ed. |
| 260 ## - PUBLICATION, DISTRIBUTION, ETC. | |
| Place of publication, distribution, etc. | Barcelona |
| 260 ## - PUBLICATION, DISTRIBUTION, ETC. | |
| Date of publication, distribution, etc. | 1996 |
| 300 ## - PHYSICAL DESCRIPTION | |
| Extent | 622 |
| 520 ## - SUMMARY, ETC. | |
| Summary, etc. | Recopila ordenadamente todas las voces técnicas y profesionales que componen la lexicografía en el campo de la construcción. |
| 650 ## - SUBJECT ADDED ENTRY--TOPICAL TERM | |
| Topical term or geographic name entry element | CONSTRUCCION |
| 650 ## - SUBJECT ADDED ENTRY--TOPICAL TERM | |
| Topical term or geographic name entry element | DICCIONARIOS |
| 650 ## - SUBJECT ADDED ENTRY--TOPICAL TERM | |
| Topical term or geographic name entry element | LIB |
| 942 ## - ADDED ENTRY ELEMENTS (KOHA) | |
| Koha item type | Libros |
| Fecha de la última vez que lo usaron | Pago total | Signatura topográfica completa | Código de barras | Precio efectivo desde | Tipo de documento | Estado perdido | Estado dañado | No es para préstamo | Retirado | Ubicación permanente | Ubicación actual | Fecha de adquisición |
|---|---|---|---|---|---|---|---|---|---|---|---|---|
| 15/05/2020 | R/69(03.8)/E24 | Bib-Lima15052851 | 15/05/2020 | Libros | Biblioteca Central Lima | Biblioteca Central Lima | 15/05/2020 |